000 00269nam a2200109 a 4500
008 110428s1988|||| d
245 1 0 _aNemecko - slovenský slovník frazeologizmov
260 _bSPN
_aBratislava
_c1988
020 _c37
041 _aslo
044 _axo
_cSK
999 _c19222
_d19222